EU procurement laws: a cautionary tale (Record no. 62372)

MARC details
000 -LEADER
fixed length control field 01036cam a2200229 4500
001 - CONTROL NUMBER
control field ABS61757
008 - FIXED-LENGTH DATA ELEMENTS--GENERAL INFORMATION
fixed length control field 000000n2000 000 0 eng u
035 ## - SYSTEM CONTROL NUMBER
System control number (Sirsi) u103910
100 ## - MAIN ENTRY--PERSONAL NAME
Personal name Gillespie, M.
245 ## - TITLE STATEMENT
Title EU procurement laws: a cautionary tale
260 ## - PUBLICATION, DISTRIBUTION, ETC.
Date of publication, distribution, etc. 2000
490 ## - SERIES STATEMENT
Series statement Building Trade and Industry
Volume/sequential designation 16(1) January 2000, 7(1)
520 ## - SUMMARY, ETC.
Summary, etc. Discusses the case of "Harmon CFEM Facades (UK) Ltd v The Corporate Officer for the House of Commons" which was the first UK case concerning failure by a public body to accept the correct tender. The decision highlights the rights of contractors and obligations of public bodies when awarding works contracts under public procurement legislation.
590 ## - LOCAL NOTE (RLIN)
Local note ABS
650 ## - SUBJECT ADDED ENTRY--TOPICAL TERM
Topical term or geographic name entry element HARMON CFEM FACADES (UK) LTD V THE CORPORATE OFFICER FOR THE HOUSE OF COMMONS
650 ## - SUBJECT ADDED ENTRY--TOPICAL TERM
Topical term or geographic name entry element PUBLIC PROCUREMENT
650 ## - SUBJECT ADDED ENTRY--TOPICAL TERM
Topical term or geographic name entry element TENDERING PROCEDURE
650 ## - SUBJECT ADDED ENTRY--TOPICAL TERM
Topical term or geographic name entry element TENDERS
650 ## - SUBJECT ADDED ENTRY--TOPICAL TERM
Topical term or geographic name entry element EU PROCUREMENT
690 ## - LOCAL SUBJECT ADDED ENTRY--TOPICAL TERM (OCLC, RLIN)
Topical term or geographic name as entry element BUILDING AND CONSTRUCTION-PROCUREMENT, PARTNERING, TENDERING
942 ## - ADDED ENTRY ELEMENTS (KOHA)
Suppress in OPAC 0
Holdings
Withdrawn status Lost status Source of classification or shelving scheme Damaged status Not for loan Home library Current library Shelving location Date acquired Total Checkouts Full call number Barcode Date last seen Copy number Price effective from Koha item type
    Dewey Decimal Classification     London London Journal article 31/01/2000   ABS61757 103910-1001 06/08/2019 1 06/08/2019 Journal article